| 000 | 00680nam a2200169 a 4500 | ||
|---|---|---|---|
| 008 | 071218s2004 ||||||||||||||||| || u | ||
| 050 | _aHD 4420 Gua | ||
| 100 | _aGuasch, J. Luis | ||
| 245 | 1 | 0 | _aGranting and renegotiating Infrastructure concessions: doing it right |
| 260 |
_aWashington, D. C _bWorld Bank _c2004 |
||
| 350 | _a0.00 | ||
| 650 | 0 | _aAFRICA--ECONOMIC CONDITIONS | |
| 650 | _aINFRASTRUCTURE--ECONOMICS | ||
| 650 | _aINFRASTRURE CONCESSIONS--RESEARCH--LATIN AMERICA | ||
| 710 | _aWorld Bank | ||
| 995 |
_D0.00 _FCBU-MAIN LIBRARY (Kitwe) _H1 _I0.00 _M1 _UAVAILABLE _WDec 18, 2007 _ZMain Library Open Access Collection |
||
| 999 |
_c44886 _d44886 |
||